| 000 | 00641 a2200157 4500 | ||
|---|---|---|---|
| 005 | 20250613061827.0 | ||
| 020 | _a978-0-7879-8170-9 | ||
| 082 | _aLECT 658.409 HAR | ||
| 100 | _aHARKINS, P. | ||
| 245 | _aLeading the global workforce: Best practice from linkage, Inc. | ||
| 260 |
_aSan Francisco, _bJossey-Bass, _c2006. |
||
| 300 |
_axi, 300p.: ill.; chart, figure, graph, map, picture, table. _bIndex, _c24cm. |
||
| 700 | _aHARKINS, P. & GIBER, D. & SOBOL, M. & TARQUINIO, M. & CARTER, L. | ||
| 856 |
_yAccess online book _fLeading the global workforce: Best practice from linkage, Inc. _dwww.josseybass.com |
||
| 942 |
_2ddc _cBKS |
||
| 999 |
_c3916 _d3916 |
||